MARC

LEADER 00000nam0a2200000 4500
001 14713
005 20231101204952.0
010 |a 5060036650 
035 |a (RuTPU)RU\TPU\book\14811 
035 |a BOOK00014879 
090 |a 14713 
100 |a 20011209d1999 m y0rusy50 ca 
101 0 |a rus 
102 |a RU 
105 |a y j 000zy 
200 1 |a Проектирование технологической оснастки машиностроительного производства  |e учебное пособие  |f Г. Н. Андреев, В. Ю. Новиков, А. Г. Схиртладзе 
205 |a 2-е изд, испр. 
210 |a Москва  |c Высшая школа  |d 1999 
215 |a 415 с. 
225 1 |a Технология, оборудование и автоматизация машиностроительных производств 
606 |a Машиностроительные заводы  |x Оснастка технологическая  |x Проектирование  |2 stltpush  |3 (RuTPU)RU\TPU\subj\41590  |9 61378 
610 1 |a машиностроение 
610 1 |a оснастка 
610 1 |a проектирование 
610 1 |a приспособления 
610 1 |a конструирование 
610 1 |a учебные пособия 
610 1 |a производство 
675 |a 621.002:658.563(075.8)  |v 3 
700 1 |a Андреев  |b Г. Н.  |g Геннадий Николаевич 
701 1 |a Новиков  |b В. Ю.  |g Владимир Юрьевич 
701 1 |a Схиртладзе  |b А. Г.  |g Александр Георгиевич 
801 0 |a RU  |b 63413507  |c 20011209  |g PSBO 
801 2 |a RU  |b 63413507  |c 20201106  |g PSBO 
900 |a Технологическая оснастка 
942 |c BK